Score 0/26 Timer 04:00
0 Plays Today
Artist Answer % Correct
E____ JohnElton
95.4%
Q____ LatifahQueen
89.3%
Ella F____Fitzgerald
87.2%
Stevie N____Nicks
84.5%
Bob D____Dylan
84.1%
Harpo M____Marx
83.5%
K____ GKenny
80.8%
J___ Sebastian BachJohann
80.8%
'Weird' Al Y____Yankovic
80.5%
G____ AutryGene
80.5%
Tiny T____Tim
76.2%
Desi A____Arnaz
72.9%
R____ ShankarRavi
72.3%
Artist Answer % Correct
C____ DanielsCharlie
70.1%
B____ WymanBill
66.8%
Lars U____Ulrich
66.5%
I____ AndersonIan
62.8%
V____ Boys' ChoirVienna
60.4%
Z____ BrownZac
60.1%
W____ MarsalisWynton
49.4%
Mike O____Oldfield
43.6%
X____ CugatXavier
42.7%
Earl S_____Scruggs
40.5%
P____ CasalsPablo
40.5%
L____ KottkeLeo
34.1%
Jascha H____Heifetz
25%
Remove Ads.
Support Sporcle.
Get the best of Sporcle when you Go Orange. This ad-free experience offers more features, more stats, and more fun while also helping to support Sporcle. Thank you for becoming a member.

You're not logged in!

Compare scores with friends on all Sporcle quizzes.
OR
Log In

Show Comments

Extras

Top Quizzes Today


Score Distribution

Your Account Isn't Verified!

In order to create a playlist on Sporcle, you need to verify the email address you used during registration. Go to your Sporcle Settings to finish the process.

Report this User

Report this user for behavior that violates our Community Guidelines.

Details: